Statistics for Animal Look-Alikes #2

Click here to take the quiz!

General Stats

  • This quiz has been taken 661 times
    (547 since last reset)
  • The average score is 12 of 15

Answer Stats

QuestionAnswer% Correct
Which is the Frog?
92%
Which is the Chipmunk?
92%
Which is the Tasmanian Devil?
91%
Which is the Cougar?
89%
Which is the Gazelle?
89%
Which is the Anteater?
88%
Which is the Chimpanzee?
85%
Which is the Manatee?
81%
Which is the Goose?
79%
Which is the Kangaroo?
78%
Which is the Emu?
70%
Which is the Bactrian Camel?
65%
Which is the Bobcat?
60%
Which is the Swordfish?
60%
Which is the (true) Buffalo?
44%

Score Distribution

Percentile by Number Answered

Percent of People with Each Score

Your Score History

You have not taken this quiz since the last reset